000 00843nam a2200253 i 4500
001 bg
100 1 _aGawrysiak, Marek
_d(1946- ).
245 1 0 _aMechatronika i projektowanie mechatroniczne /
_cMarek Gawrysiak.
260 _aBiałystok :
_bWydawnictwa PB,
_c1997.
300 _a130 s. :
_brys. ;
_c23 cm.
490 1 _aRozprawy Naukowe / Politechnika Białostocka,
_x0867-096X ;
_vNr 44
504 _aBibliogr. s. 127-130.
650 9 _aMechatronika
650 9 _aMaszyny
_xbudowa i konstrukcje
_xprojekty
_xautomatyzacja
650 9 _aElektronika
_xzagadnienia
650 9 _aSterowanie
_xzagadnienia
650 9 _aAutomatyka
_xzagadnienia
830 0 _aRozprawy Naukowe (Politechnika Białostocka) ;
_vNr 44
040 _cBPK
041 0 _apl
080 _a621:621.38:681.5
942 _cKS
008 s pl f |000 0 pol
999 _c32622
_d32622
856 _uhttp://koha.tu.koszalin.pl/cgi-bin/koha/opac-detail.pl?biblionumber=32622
_yKatalog online BPK